000 00464nam a22001817a 4500
003 MPLRDC
005 20220104113956.0
008 210129b ||||| |||| 00| 0 eng d
082 _a830.8 QBA v.3
100 _a齐邦媛主编
245 _a中国现代文学选集. 第三册: 小说
_c
250 _a三版
260 _a
_b尔雅出版社
_c1984
300 _b
490 _a尔雅丛书. 125
650 _a中国文学总集
942 _cBK
_o830.8 QBA v.3
999 _c3838
_d3828